Largest Teams at 2018 Winter Olympics - Statistics

General Stats
  • This quiz has been taken 262 times
  • The average score is 10 of 13
Answer Stats
# team % Correct
242 United States
99%
226 Canada
94%
156 Germany
84%
109 Norway
84%
168 Olympic Athletes from Russia
83%
107 France
80%
118 Sweden
78%
169 Switzerland
77%
106 Finland
72%
124 Japan
72%
122 Italy
70%
105 Austria
68%
167 Korea
42%
No matching quizzes found
Score Distribution
Percent of People with Each Score
Percentile by Number Answered
Your Score History
You have not taken this quiz